Creatures in the Minecraft Launcher photo - Statistics

General Stats
  • This quiz has been taken 201 times
  • The average score is 7 of 10
Answer Stats
Hint Answer % Correct
Passive Pig
95%
Hostile Zombie
92%
Hostile Creeper
86%
Hostile Skeleton
86%
Passive Sheep
84%
Passive Chicken
81%
Hostile Enderman
61%
Passive Bat
39%
Passive Salmon
34%
Passive Rabbit
24%
No matching quizzes found
Score Distribution
Percent of People with Each Score
Percentile by Number Answered
Your Score History
You have not taken this quiz